| 000 | 01119cam a22003257a 4500 | ||
|---|---|---|---|
| 003 | CHAP | ||
| 005 | 20220329141539.0 | ||
| 008 | 971013s1988 r 00010 d | ||
| 010 | _a69971 | ||
| 011 | _a70943 | ||
| 035 | _a80497 | ||
| 040 | _cCHAP | ||
| 090 | _aTesis | ||
| 100 | 0 | 0 |
_aCandanosa Salazar, José Roberto. _918315 |
| 245 | 0 | _aEvaluación de 21 materiales comerciales de maíz (Zea mays L.) para la producción de forraje, elote y grano, Marín, N. L., PV-87 | |
| 260 |
_aMarín, N. L. : _bEl autor, _c1988 |
||
| 300 | _a85 h. | ||
| 502 | _aTesis (Ing. Agr. Fitotecnista) -- Universidad Autónoma de Nuevo León. Fac. de Agronomía | ||
| 590 |
_aALEPH _b10 _c20130110 _lUCH01 _h1409 |
||
| 590 |
_aBATCH-UPD _b10 _c20130110 _lUCH01 _h0816 |
||
| 590 |
_aBATCH-UPD _b10 _c20130410 _lUCH01 _h0453 |
||
| 590 |
_aBATCH-UPD _b10 _c20130914 _lUCH01 _h0832 |
||
| 590 |
_aCONVERSION _b10 _c20130109 _lUCH01 _h1338 |
||
| 650 | 1 | 4 |
_aElote. _936435 |
| 650 | 1 | 4 |
_aMaíz como forraje. _971109 |
| 650 | 1 | 4 |
_aMaíz _xRendimiento. _971051 |
| 901 | _aBK | ||
| 942 | _cTESIS | ||
| 949 |
_bBC _cTES _d-33401 _eTS1 _h21277 _i80497 _si |
||
| 999 |
_c69971 _d69971 |
||